Aladdin Prince Ali Lyrics - Statistics

General Stats
  • This quiz has been taken 432 times
  • The average score is 140 of 294
Answer Stats
Lyrics % Correct
a
100%
A
100%
Ali
99%
Prince
98%
he
95%
He
95%
I
85%
For
78%
for
78%
the
78%
you
76%
me
74%
way
74%
Make
72%
it
70%
to
70%
To
70%
be
68%
on
67%
your
67%
Hey
66%
It's
65%
it's
65%
Ababwa
64%
come
62%
Fabulous
62%
guy
59%
is
59%
men
59%
Say
59%
his
58%
His
58%
old
58%
my
57%
bazaar
56%
in
56%
new
56%
So
56%
love
55%
star
55%
clear
54%
Here
54%
this
54%
and
53%
And
53%
comes
52%
as
51%
knee
51%
one
51%
meet
50%
ten
50%
down
49%
drums
49%
gonna
49%
through
49%
Who
49%
with
49%
With
49%
brand
48%
Let
48%
us
48%
eye
47%
first
47%
got
47%
He's
47%
he's
47%
You're
47%
Ring
46%
Oh
45%
respect
45%
Show
45%
bells
44%
regular
44%
some
44%
block
43%
hundred
43%
no
43%
swords
42%
bad
41%
monkeys
40%
camels
39%
golden
39%
guys
39%
peacocks
39%
Mighty
38%
up
38%
Brush
36%
salaam
36%
mammals
35%
try
35%
When
35%
best
34%
calm
34%
exotic
34%
stay
34%
princess
33%
type
33%
genuflect
31%
Now
31%
fifty-three
30%
spectacular
30%
Why
30%
why
30%
I'm
29%
definitely
28%
Friday
28%
galloping
28%
Handsome
28%
seventy-five
27%
telling
27%
That
27%
that
27%
Purple
26%
their
26%
zoo
26%
can
25%
at
24%
boy
24%
Heard
24%
lords
24%
elephants
23%
faced
23%
goons
23%
Persian
23%
sent
23%
Then
23%
those
23%
was
23%
by
22%
get
22%
she
22%
Where
22%
world-class
22%
thousand
21%
hordes
20%
servants
20%
coterie
19%
fee
19%
out
19%
all
18%
them
18%
white
18%
How
17%
charges
16%
flunkies
16%
prepare
16%
him
15%
square
15%
weak
15%
Adjust
14%
knees
14%
sixty
14%
stare
14%
They
14%
veil
14%
Amorous
13%
bakers
13%
dropped
13%
good
13%
ninety-five
13%
speak
13%
view
13%
bow
12%
Fellas
12%
forty
12%
people
12%
cooks
11%
everybody
11%
loyalty
11%
physique
11%
band
10%
birds
10%
gawk
10%
help
10%
just
10%
key
10%
ah
9%
galore
9%
grovel
9%
lions
9%
lousy
9%
more
9%
serving
9%
warble
9%
bears
8%
cute
8%
llamas
8%
brass
7%
fakirs
7%
They're
7%
Rang
6%
whim
6%
manegerie
5%
Stong
5%
Aaaa
4%
to his
3%
No matching quizzes found
Score Distribution
Percent of People with Each Score
Percentile by Number Answered
Your Score History
You have not taken this quiz